000 00538nam a22001817a 4500
999 _c16534
_d16534
003 OSt
005 20210310121544.0
008 160225b xxu||||| |||| 00| 0 eng d
040 _aMMU
_beng
_cMMU
_dMMU
050 _aTX912 .A68 2008
100 _aAndrews Sudhir
245 _aTextbook of hotel housekeeping management & operations/
_cSudhir Andrews.
260 _aNew Delhi :
_bMcGraw Hill,
_c2008.
300 _a478 p. :
500 _aincludes index
650 _aHotel ,housekeeping management and operations
942 _2lcc
_cSHORTLOAN